[Доклады Правления Общества южно-русской каменноугольной промышленности чрезвычайным и обыкновенным общим собранием акционеров... ... созванному на 5/18 января 1905 года$90: ... созванному на 5/18 января 1905 года (Запись № 4022097)

Подробности
000 -МАРКЕР
контрольное поле 01418nam2a22002291 4500
001 - ИДЕНТИФИКАТОР ЗАПИСИ
контрольное поле v19\rc\1257159
005 - ИДЕНТИФИКАТОР ВЕРСИИ
контрольное поле 20250618000708.0
035 ## - ДРУГИЕ СИСТЕМНЫЕ НОМЕРА
Идентификатор записи (NLR Aleph) 004412229
100 ## - ДАННЫЕ ОБЩЕЙ ОБРАБОТКИ
Данные общей обработки 20060306d1905 |||y0rusy50 ca
101 0# - ЯЗЫК РЕСУРСА
Язык текста, звукозаписи и т.д. русский
102 ## - СТРАНА ПУБЛИКАЦИИ ИЛИ ПРОИЗВОДСТВА
Страна публикации Российская Федерация
105 ## - ПОЛЕ КОДИРОВАННЫХ ДАННЫХ: ТЕКСТОВЫЕ МАТЕРИАЛЫ, МОНОГРАФИЧЕСКИЕ
Кодированные данные о монографическом текстовом документе y z |||||
200 0# - ЗАГЛАВИЕ И СВЕДЕНИЯ ОБ ОТВЕТСТВЕННОСТИ
Основное заглавие ... созванному на 5/18 января 1905 года
210 ## - ПУБЛИКАЦИЯ, РАСПРОСТРАНЕНИЕ И ДР.
Дата издания, распространения и т.д. ценз. 1905
Место издания, распространения и т.д. Б. м.
215 ## - ФИЗИЧЕСКАЯ ХАРАКТЕРИСТИКА
Специфическое обозначение материала и объем 9 с.
461 #0 - УРОВЕНЬ НАБОРА
Встроенное поле 001v19\rc\1257154
-- 2001#$a[Доклады Правления Общества южно-русской каменноугольной промышленности чрезвычайным и обыкновенным общим собранием акционеров...$v... созванному на 5/18 января 1905 года$90
Системный номер (АБИС) связанной записи 4022034
Автор Общество южно-русской каменноугольной промышленности (Петербург)
Место публикации Санкт-Петербург]
Дата публикации ценз. 1891-1905
Физическая характеристика 13-29 с.
Заглавие [Доклады Правления Общества южно-русской каменноугольной промышленности чрезвычайным и обыкновенным общим собранием акционеров...
Номер тома ... созванному на 5/18 января 1905 года$90
801 #0 - ИСТОЧНИК ЗАПИСИ
Страна Российская Федерация
Организация NLR
Правила каталогизации psbo
801 #1 - ИСТОЧНИК ЗАПИСИ
Страна Российская Федерация
Организация ProSoft-M
Источник данных rusmarc
852 ## - МЕСТОНАХОЖДЕНИЕ И ШИФР ХРАНЕНИЯ
Идентификатор организации NLR
Шифр хранения (Call Number) 34.53.3.1371
942 ## - ДОПОЛНИТЕЛЬНЫЕ ЭЛЕМЕНТЫ ЗАПИСИ (АБИС)
Тип экземпляра АБИС Книга
980 ## - КОЛЛЕКЦИЯ
Название коллекции Национальная библиография
Экземпляры
Тип экземпляра Дата поступления Библиотека постоянного хранения Библиотека текущего хранения Место хранения Шифр хранения Штрих-код Статус экземпляра
Книга 26.10.2013 РНБ (Садовая) РНБ (Садовая) Русский книжный фонд -Главное здание, Ленинский читальный зал 34.53.3.1371 1-4898221